载入...
C Krishnan Jeevacharitharam /
| 主要作者: | |
|---|---|
| 语言: | Undetermined |
| LEADER | 00345nam a2200109Ia 4500 | ||
|---|---|---|---|
| 001 | 179977 | ||
| 008 | 170722s9999 xx 000 0 und d | ||
| 100 | |a Achuthan | ||
| 245 | |a C Krishnan Jeevacharitharam / | ||
| 942 | |c GEN | ||
| 999 | |c 101389 |d 101389 | ||
| 952 | |0 1 |1 0 |4 0 |6 W_212M67_32L1 |7 0 |9 142299 |a LIB |b LIB |d 2017-08-12 |o w212,M67 32L;1 |p 189060 |r 2017-08-12 |w 2017-08-12 |y GEN | ||